000 00949nac a22003137a 4500
001 BR9300087
003 BR-BrBNA
005 20240105121323.0
008 230509b bl.|||m| |||| 00| 0 por d
040 _aBR-BrBNA
_bpor
_cBiblioteca Nacional de Agricultura
072 _aE16
090 _a0150 BR9300087
100 1 _aScherer, C.H.
100 1 _aCogo, H.
100 1 _aIanni, P.
100 1 _aRucatti, E.G.
100 1 _aAzeredo, J.F.M. de
100 1 _aVieira, A.R.M.
110 1 _aInstituto Rio Grandense do Arroz, Porto Alegre, RS (Brasil)
_96574
245 1 _aCusto de producao de arroz - safra 1985/1986
260 3 _aPorto Alegre, RS (Brasil):
_c1985.
300 _a50 p.
490 _aCusto de Producao do Arroz - Instituto Rio Grandense do Arroz (Brazil)
_vv. 11(1)
_x
650 _aArroz
650 _aCusto de Producao
650 _aSafra
909 _a202312
_bLúcia Elande
_c55
_dLúcia Elande
942 _2AGRIS
_n0
_cMS
999 _c284624
_d284624